000 00637nam a2200229Ia 4500
003 OSt
005 20220928102638.0
006 a|||||r|||| 00| 0
007 ta
008 220927b |||||||| |||| 00| 0 eng d
024 _a38073
037 _cTextual
040 _aSDCL
_cSDCL
_beng
041 _2eng
_aeng
082 _aQ7, M2
100 _aRahman Fazllur
_9399600
245 0 _aIslam and modernity
_bTransformation of an intellectual tradition.
260 _aLondon
_bThe University of Chicago Press
_c1982
300 _a172p.
_ccm.
942 _hQ7, M2
_cTEXL
_2CC
999 _c715463
_d715463